000 00718nam a22001817a 4500
999 _c13792
_d13792
008 190410b ||||| |||| 00| 0 eng d
020 _a9780761861188
082 _22013
_aAV-Eb 796.071
_bT482
100 _aThomson,Jepkorir Rose Chepyator.editor
_938319
245 _aGlobal perspectives on physical education and after-school sport programs /
_cedited by Jepkorir Rose Chepyator-Thomson and Shan-Hui Hsu
260 _bUPA,
_c©2013.
300 _a249 pages;
500 _aIncludes index.
650 _aPhysical education and training. Sports.
_938320
700 _aHui Hsu,Shan.editor
_938321
856 _yhttps://ebookcentral.proquest.com/lib/uniofmindanao-ebooks/detail.action?docID=1392790
942 _2ddc
_cEB